| 000 | 00611nam a2200229Ia 4500 | ||
|---|---|---|---|
| 003 | OSt | ||
| 005 | 20250916151915.0 | ||
| 008 | 210719s1986 xx 000 0 und d | ||
| 040 | _cAL | ||
| 041 | _aTulu | ||
| 082 | _aT894.2 RAVJ | ||
| 100 |
_aRAV (P S) _dರಾವ್ (ಪಿ ಎಸ್ ) _9238845 |
||
| 245 |
_aJavandi ponnu _bಜವಂದಿ ಪೊಣ್ಣು |
||
| 250 | _a2 | ||
| 260 |
_aMangaluru _bSahodara Kala Vranda _c1986 |
||
| 300 |
_a70 _bPB |
||
| 365 |
_b5 _cRs |
||
| 650 |
_aTulu Drama _9238846 |
||
| 650 |
_aTulu Drama _9238846 |
||
| 906 | _a2 ; Ed ; Javandi ; ponnu | ||
| 942 |
_2ddc _cBK |
||
| 999 |
_c214662 _d214662 |
||